Business briefing (Record no. 109700)

MARC details
000 -LEADER
fixed length control field 01374cad a22002295a 4500
001 - CONTROL NUMBER
control field E147715
008 - FIXED-LENGTH DATA ELEMENTS--GENERAL INFORMATION
fixed length control field 090608s2009 cc f 000 0 eng d
035 ## - SYSTEM CONTROL NUMBER
System control number (Sirsi) u147715
041 0# - LANGUAGE CODE
Language code of text/sound track or separate title eng
050 04 - LIBRARY OF CONGRESS CALL NUMBER
Classification number 333.33 $2 18
110 2# - MAIN ENTRY--CORPORATE NAME
Corporate name or jurisdiction name as entry element Cushman and Wakefield
9 (RLIN) 244
245 00 - TITLE STATEMENT
Title Business briefing
Remainder of title investing in Seoul office buildings
Medium [electronic resource]
260 ## - PUBLICATION, DISTRIBUTION, ETC.
Place of publication, distribution, etc. [China]
Name of publisher, distributor, etc. Cushman & Wakefield
Date of publication, distribution, etc. 2009
505 2# - FORMATTED CONTENTS NOTE
Formatted contents note Market summary -- Korea's economy is showing signs of stabilization -- Regardless of broader structural issues, Seoul will thrive -- Meanwhile, turmoil has thrown up opportunities -- Local companies will support prices and present exit opportunities -- Rents remain resilient despite a rise in vacancies -- Government taking steps to unchoke financing and assist the real estate market -- Currency risks are on the upside and may boost returns -- A good time to start investing
520 ## - SUMMARY, ETC.
Summary, etc. Suggests that the economic downturn has opened up opportunities for investment, particularly in the most severely affected economies, such as Korea, where the Seoul office market is looking increasingly attractive to investors.
521 ## - TARGET AUDIENCE NOTE
Target audience note Advanced
590 ## - LOCAL NOTE (RLIN)
Local note KA
651 #4 - SUBJECT ADDED ENTRY--GEOGRAPHIC NAME
Geographic name Korea
690 ## - LOCAL SUBJECT ADDED ENTRY--TOPICAL TERM (OCLC, RLIN)
Topical term or geographic name as entry element PROPERTY-COMMERCIAL PROPERTY-COMMERCIAL PROPERTY MARKET
856 40 - ELECTRONIC LOCATION AND ACCESS
Uniform Resource Identifier <a href="https://www.cushwake.com">https://www.cushwake.com</a>
Public note broken link - no longer available
942 ## - ADDED ENTRY ELEMENTS (KOHA)
Suppress in OPAC 0
Source of classification or shelving scheme Dewey Decimal Classification
Holdings
Withdrawn status Lost status Source of classification or shelving scheme Damaged status Not for loan Home library Current library Shelving location Date acquired Total Checkouts Full call number Barcode Date last seen Copy number Price effective from Koha item type
    Dewey Decimal Classification     Virtual Virtual Online 08/06/2009   ONLINE PUBLICATION 147715-2001 06/08/2019 1 06/08/2019 Book